000 00367nam a22001577a 4500
999 _c532152
_d532152
003 NUST
005 20191111132723.0
008 191111b ||||| |||| 00| 0 eng d
038 _aMSOHAIL
082 _a891.4393
100 _aAbdullah Hussain
_92888
245 _aQaid
260 _aLahore
_bSang-e-Meel Publications
_cc2008
300 _ap;115
942 _2ddc
_cBK